000 00856nam a2200265Ia 4500
003 OSt
005 20221005085716.0
006 a|||||r|||| 00| 0
007 ta
008 221004b |||||||| |||| 00| 0 eng d
020 _a9781462522880 (hbk)
_cUSD 40.00
024 _a34764
037 _bIN19584, 13/09/2017, Shankar's Book Agency Pvt. Ltd.
_cTextual
040 _aCRL
_cCRL
_beng
041 _2eng
_aeng
082 _aS:7:4, Q6
100 _aLivesley W.John Ed.
_9614504
245 0 _aIntegrated treatment for personality disorder
_b modular approach
260 _aNew York
_bGuilford press USA
_c2016
300 _a478p.
_ccm.
650 _a PERSONALITY
650 _aDISABILITIES
_934222
942 _hS:7:4, Q6
_cTEXL
_2cc
999 _c994658
_d994658